01229nam a2200277 a 4500001001200000003000800012006001900020007001500039008004100054040002100095035002100116043001200137050002800149100002500177245014200202260006000344300001100404490004700415533015200462650007500614650007300689655002900762710001700791856012600808999001700934ebr10046516CaPaEBRm u cr cn|||||||||090804s2003 dcu s 000 0 eng d aCaPaEBRcCaPaEBR a(OCoLC)568295721 an-us---14aKF1418.A559bS36 2003eb1 aSchnapf, Lawrence P.10aSEC considering changing environmental disclosure requirements for foreign corporationsh[electronic resource] /cby Lawrence P. Schnapf. aWashington, D.C. :bEnvironmental Law Institute,c2003. a[1] p.0 aEnvironmental law reporter news & analysis aElectronic reproduction.bPalo Alto, Calif. :cebrary,d2009.nAvailable via World Wide Web.nAccess may be limited to ebrary affiliated libraries. 0aCorporations, ForeignxAccountingxLaw and legislationzUnited States. 0aEnvironmental impact statementsxLaw and legislationzUnited States. 7aElectronic books.2local2 aebrary, Inc.40uhttp://site.ebrary.com/lib/rucke/Doc?id=10046516zAn electronic book accessible through the World Wide Web; click to view c74260d74260